MARC details
| 000 -CABECERA |
| campo de control de longitud fija |
01178cam a2200301 a 4500 |
| 001 - NÚMERO DE CONTROL |
| campo de control |
000008950 |
| 005 - FECHA Y HORA DE LA ÚLTIMA TRANSACCIÓN |
| campo de control |
20200929161440.0 |
| 008 - DATOS DE LONGITUD FIJA--INFORMACIÓN GENERAL |
| campo de control de longitud fija |
040727s2002 pr b 001 1 spa |
| 020 ## - NÚMERO INTERNACIONAL ESTÁNDAR DEL LIBRO |
| Número Internacional Estándar del Libro |
1563281694 |
| 040 ## - FUENTE DE LA CATALOGACIÓN |
| Centro catalogador/agencia de origen |
DO-SdBNP |
| Centro/agencia transcriptor |
DLC |
| Centro/agencia modificador |
DLC |
| 082 ## - NÚMERO DE LA CLASIFICACIÓN DECIMAL DEWEY |
| Número de clasificación |
PR863.4 |
| Número de documento/Ítem |
L181L |
| 049 ## - FONDOS LOCALES (OCLC) |
| Fondos de biblioteca |
BNGR |
| 100 1# - ENTRADA PRINCIPAL--NOMBRE DE PERSONA |
| Nombre de persona |
Laguerre, Enrique A., |
| Fechas asociadas al nombre |
1906-2005 |
| 9 (RLIN) |
23540 |
| 245 13 - MENCIÓN DE TÍTULO |
| Título |
La llamarada / |
| Mención de responsabilidad, etc. |
Enrique Laguerre ; edición, Marithelma Costa, prólogo, Antonio S. Pedreira. |
| 260 ## - PUBLICACIÓN, DISTRIBUCIÓN, ETC. |
| Lugar de publicación, distribución, etc. |
San Juan, (Puerto Rico) : |
| Nombre del editor, distribuidor, etc. |
Plaza Mayor, |
| Fecha de publicación, distribución, etc. |
2002. |
| 300 ## - DESCRIPCIÓN FÍSICA |
| Extensión |
448 p. ; |
| Dimensiones |
21 cm. |
| 490 1# - MENCIÓN DE SERIE |
| Mención de serie |
Clásicos Comentados de la Literatura Puertorriqueña |
| 504 ## - NOTA DE BIBLIOGRAFÍA, ETC. |
| Nota de bibliografía, etc. |
Bibliografía p. (429-431), Incluye índice léxico, onomástico y fraseológico. |
| 504 ## - NOTA DE BIBLIOGRAFÍA, ETC. |
| Nota de bibliografía, etc. |
Íncluye notas al pie de las páginas |
| 650 #4 - PUNTO DE ACCESO ADICIONAL DE MATERIA--TÉRMINO DE MATERIA |
| Término de materia o nombre geográfico como elemento de entrada |
Novela puertorriqueña |
| 9 (RLIN) |
1185 |
| 650 #4 - PUNTO DE ACCESO ADICIONAL DE MATERIA--TÉRMINO DE MATERIA |
| Término de materia o nombre geográfico como elemento de entrada |
Literatura puertorriqueña |
| 9 (RLIN) |
250 |
| 650 #4 - PUNTO DE ACCESO ADICIONAL DE MATERIA--TÉRMINO DE MATERIA |
| Término de materia o nombre geográfico como elemento de entrada |
Novela social puertorriqueña |
| 9 (RLIN) |
23541 |
| 600 14 - PUNTO DE ACCESO ADICIONAL DE MATERIA--NOMBRE DE PERSONA |
| Nombre de persona |
LAGUERRE, ENRIQUE A. |
| Título de la obra |
LLAMARADA. |
| 9 (RLIN) |
23542 |
| 700 1# - PUNTO DE ACCESO ADICIONAL--NOMBRE DE PERSONA |
| Nombre de persona |
Costa, Marithelma, |
| Término indicativo de función/relación |
ed. |
| 9 (RLIN) |
22346 |
| 700 1# - PUNTO DE ACCESO ADICIONAL--NOMBRE DE PERSONA |
| Nombre de persona |
Pedreira, Antonio S, |
| Término indicativo de función/relación |
pról. |
| 9 (RLIN) |
23543 |
| 830 #0 - PUNTO DE ACCESO ADICIONAL DE SERIE-TÍTULO UNIFORME |
| Título uniforme |
Clásicos Comentados de la Literatura Puertorriqueña |
| 9 (RLIN) |
13571 |
| 910 ## - DATOS DE OPCIÓN DEL USUARIO (OCLC) |
| Datos de opción del usuario |
Catalogación por copia / LC |